000 00264nam a22001097a 4500
008 240403b |||||||| |||| 00| 0 eng d
100 _aVerne, Jules
_910246
245 _aRound The World In Eighty Days
260 _bLongman;
_c1967,
300 _a157p.
942 _cBK
999 _c39129
_d39129